Cities of Alameda County, California - Statistics

General Stats
  • This quiz has been taken 20 times
  • The average score is 11 of 14
Answer Stats
Population Answer % Correct
436,504 Oakland
100%
118,962 Berkeley
94%
69,128 Dublin
94%
226,208 Fremont
88%
155,675 Hayward
88%
74,653 Pleasanton
88%
85,784 San Leandro
88%
75,353 Alameda
76%
82,908 Livermore
71%
65,414 Union City
71%
19,097 Albany
53%
12,732 Emeryville
53%
46,929 Newark
53%
10,635 Piedmont
53%
No matching quizzes found
Score Distribution
Percent of People with Each Score
Percentile by Number Answered
Your Score History
You have not taken this quiz